000 00497nam a2200169Ia 4500
999 _c23295
_d23295
003 OSt
005 20200320111418.0
008 190216s9999||||xx |||||||||||||| ||und||
020 _a9788182716414
040 _coclc
082 _a368.00917
_bHAL/I
100 _aHaleem, A A
_91884
245 0 _aInsuransum Ohari Vipaniyum /
_c A A Haleem
260 _bIslamic Publishing House,
_c2000.
_aKozhikode:
300 _a96p
942 _cBK
_2ddc
_h368.00917
_iHAL/I
_k368.00917
_mHAL/I